000 00574nam a2200241 a 4500
001 nice12345678
003 IN_TiNIC
005 20260116012103.0
008 050524s1958 lona grp 000 0 eng
020 _a
_c100
082 0 0 _a270
_bMOR
100 _aMorganil, Dewi
245 _aLambeth Speaks
260 _aLondon
_bA.R Mowbray and Co.
_c1958
300 _a136p
500 _aincludes index and biblioraphy
505 2 _aIndex (7269 C2 is sold)
650 _aChurch-History
700 1 _aMorganil, Dewi
902 _bSRS
942 _cBK
999 _c5584
_d5584